| 000 | 00369pam a2200121a 44500 | ||
|---|---|---|---|
| 008 | 230405s2011 xxu||||| |||| 00| 0 eng d | ||
| 041 | _aENG | ||
| 100 | _aMaya Shankar Singh | ||
| 245 | _aAdvanced organic chemistry (Reactions and mechanisms) | ||
| 260 |
_a _bPearson education in south asia 11 community center panchsheel park _c2011 |
||
| 300 | _a513 | ||
| 906 | _a10944 | ||
| 999 |
_c301443 _d301443 |
||